000 01191nam a22002297a 4500
999 _c58932
_d58932
003 Ge_BSU
005 20221020171038.0
008 221020s2001 ge ||||| |||| 00| 0 geo d
020 _ageo
041 _ageo
080 _a271.22(479.22)(09) ვ-21
100 _aვარდოსანიძე, სერგო
_915397
245 _aსაქართველოს მართლმადიდებელი სამოციქულო ეკლესია 1917-1952 წლებში /
_c სერგო ვარდოსანიძე ; [რედ.: მარიამ ლორთქიფანიძე] ; თბილ. სახელმწ. პედ. უნ-ტი.
264 _aთბილისი :
_bმეცნიერება,
_c2001.
300 _a323 გვ. ;
_b20 სმ.
504 _aბიბლიოგრ.: გვ. 282-305.
520 _aრეზ. ინგლ. და რუს. ენ.
653 _aსაქართველოს მართლმადიდებლური ეკლესიის ისტორია
653 _aრელიგია
653 _aქრისტიანობა
942 _2udc
_cBK